000 00599nam a2200205Ia 4500
003 OSt
005 20230601170733.0
008 210423s2004 xx 000 0 und d
020 _a8176292826
040 _cAL
041 _aeng
082 _a362.1
_223
_bGOEH
100 _aGOEL (S L).
_9118317
245 _aHealth care organisation and structure: health care system and management.
260 _aNew Delhi
_bDeep and deep publication
_c2004
300 _axxii,338
_bHB
365 _b250
_cINR
906 _acare ; Health ; management. ; organisation ; structure: ; system
942 _2ddc
_cBK
999 _c175572
_d175572